[Event "SVK-chT3B2 1516"]
[Site "Slovakia"]
[Date "2015.12.13"]
[Round "4.8"]
[White "Kolek, Pavol"]
[Black "Tupy, Milan"]
[Result "1-0"]
[WhiteElo "1591"]
[BlackElo "1000"]
[PlyCount "93"]
[EventDate "2015.10.11"]
[EventType "team-tourn"]
[EventRounds "11"]
[EventCountry "SVK"]
[SourceTitle "CBM 170 Extra"]
[Source "ChessBase"]
[SourceDate "2016.02.25"]
[SourceVersion "1"]
[SourceVersionDate "2016.02.25"]
[SourceQuality "1"]
[WhiteTeam "Povazska Bystrica III"]
[BlackTeam "Nemsova Horne Srnie"]
[WhiteTeamCountry "SVK"]
[BlackTeamCountry "SVK"]

1. d4 d5 2. Nf3 Nf6 3. c4 c6 4. Nc3 g6 5. Bg5 Bg7 6. e3 Bg4 7. c5 0-0 8. Be2 Nbd7 9. 0-0 h6 10. Bh4 Re8 11. h3 Bxf3 12. Bxf3 e5 13. Rb1 e4 14. Be2 Nf8 15. b4 a6 16. a4 Ne6 17. b5 axb5 18. axb5 Ra3 19. Rb3 Qa5 20. Rxa3 Qxa3 21. Nb1 Qb4 22. bxc6 bxc6 23. Qd2 Qb7 24. Nc3 Ra8 25. Rb1 Qc8 26. Qb2 Nd7 27. Qb7 Rb8 28. Qxc8+ Rxc8 29. Rb7 Rc7 30. Rxc7 Nxc7 31. Bd1 Na6 32. Ba4 Nab8 33. Na2 Kf8 34. Nb4 g5 35. Bg3 Ke7 36. Nxc6+ Nxc6 37. Bxc6 Ke6 38. Kf1 Bf6 39. Ke2 Be7 40. f3 f5 41. Bc7 Nf8 42. g4 exf3+ 43. Kxf3 fxg4+ 44. hxg4 Ng6 45. e4 dxe4+ 46. Kxe4 Nf4 47. d5+ 1-0